|
|
|
|
| LEADER |
00000nam0a2200000 4500 |
| 001 |
188886 |
| 005 |
20231101224152.0 |
| 010 |
|
|
|a 9785982277558
|
| 035 |
|
|
|a (RuTPU)RU\TPU\book\205180
|
| 090 |
|
|
|a 188886
|
| 100 |
|
|
|a 20101215d2011 k y0rusy50 ca
|
| 101 |
0 |
|
|a rus
|
| 102 |
|
|
|a RU
|
| 105 |
|
|
|a y z 000zy
|
| 200 |
1 |
|
|a Эволюция общества. Типы общества и их трансформация
|f Л. С. Васильев
|g Высшая школа экономики (ГУ-ВШЭ) ; Российская академия наук (РАН), Институт востоковедения (ИВ)
|
| 210 |
|
|
|a Москва
|c КДУ
|d 2011
|
| 215 |
|
|
|a 206 с.
|
| 330 |
|
|
|a Книга в сжатой форме предлагает читателю ознакомиться с социальными процессами, типами обществ и закономерностями в истории эволюции человечества. Автор, заведующий кафедрой истории ГУ-ВШЭ, преподносит материал в понятной и интересной форме, что делает издание информативным для читателей разного уровня: от профессионалов гуманитарных областей до людей, просто увлеченных происходящими в мире трансформациями и историческими закономерностями. В третьей части книги подробно рассматривается судьба России с древнейших времен до новейшего периода истории. Издание написано для студентов и преподавателей гуманитарных вузов, абитуриентов, а также всех, кто интересуется данной темой.
|
| 606 |
1 |
|
|a Общество
|x Философия
|2 stltpush
|3 (RuTPU)RU\TPU\subj\46693
|9 65810
|
| 610 |
1 |
|
|a социальная философия
|
| 610 |
1 |
|
|a общество
|
| 610 |
1 |
|
|a эволюция
|
| 610 |
1 |
|
|a типы
|
| 610 |
1 |
|
|a трансформация
|
| 610 |
1 |
|
|a социум
|
| 610 |
1 |
|
|a история
|
| 610 |
1 |
|
|a власть
|
| 610 |
1 |
|
|a Древний мир
|
| 610 |
1 |
|
|a античность
|
| 610 |
1 |
|
|a средние века
|
| 610 |
1 |
|
|a переходные типы
|
| 610 |
1 |
|
|a революция
|
| 610 |
1 |
|
|a буржуа
|
| 610 |
1 |
|
|a Англия
|
| 610 |
1 |
|
|a Голландия
|
| 610 |
1 |
|
|a США
|
| 610 |
1 |
|
|a марксизм
|
| 610 |
1 |
|
|a Россия
|
| 610 |
1 |
|
|a тоталитаризм
|
| 610 |
1 |
|
|a крепостничество
|
| 610 |
1 |
|
|a буржуазные революции
|
| 610 |
1 |
|
|a монографии
|
| 686 |
|
|
|a Ю62
|v LBC/SL-A
|2 rubbk
|
| 700 |
|
1 |
|a Васильев
|b Л. С.
|g Леонид Сергеевич
|
| 712 |
0 |
2 |
|a Высшая школа экономики (ГУ-ВШЭ)
|c Государственный университет
|c (Москва)
|2 stltpush
|3 (RuTPU)RU\TPU\col\15
|
| 712 |
0 |
2 |
|a Российская академия наук (РАН)
|b Институт востоковедения (ИВ)
|c (Москва)
|2 stltpush
|3 (RuTPU)RU\TPU\col\106
|
| 801 |
|
1 |
|a RU
|b 63413507
|c 20101215
|
| 801 |
|
2 |
|a RU
|b 63413507
|c 20110321
|g RCR
|
| 942 |
|
|
|c BK
|
| 959 |
|
|
|a 90/20101213
|d 1
|e 165,00
|f ЧЗГЛ:1
|